000 00588nam a2200217Ii 4500
001 4614
003 CO-ViMGA
008 241108s9999||||xx |||||||||||||| ||und||
020 _a8466629084
040 _aCO-ViMGA
_bspa
_erda
_cCO-ViMGA
041 0 _aspa
084 _aN STO4t
100 1 _aJeff Stone
_948490
245 1 0 _aLas trampas del mono
264 1 _aMadrid, EspaƱa : Ediciones B, 2006
300 _avolumen
336 _atext
_btxt
_2rdacontent
337 _aunmediated
_bn
_2rdamedia
338 _avolume
_bnc
_2rdacarrier
940 _aidficha_siabuc: 4498. -- ficha_no_siabuc:4614
999 _c43132
_d43132